Карта местности к северу от параллели Адрианополь - Мидия по рекогносцировкам, произведенным чинами Военно-топографической съемки Восточной Болгарии (Запись № 13008905)
[ простой вид ]
| 000 -МАРКЕР | |
|---|---|
| контрольное поле | 01901nem0a2200289 4500 |
| 001 - ИДЕНТИФИКАТОР ЗАПИСИ | |
| контрольное поле | RU\NLR\BIBL_A\016313140 |
| 005 - ИДЕНТИФИКАТОР ВЕРСИИ | |
| контрольное поле | 20250625035500.0 |
| 035 ## - ДРУГИЕ СИСТЕМНЫЕ НОМЕРА | |
| Идентификатор записи | (NLR Aleph) 016313140 |
| 100 ## - ДАННЫЕ ОБЩЕЙ ОБРАБОТКИ | |
| Данные общей обработки | 20230316d1878 |||y0rusy50 ca |
| 101 0# - ЯЗЫК РЕСУРСА | |
| Язык текста, звукозаписи и т.д. | русский |
| 102 ## - СТРАНА ПУБЛИКАЦИИ ИЛИ ПРОИЗВОДСТВА | |
| Страна публикации | Российская Федерация |
| 120 ## - ПОЛЕ КОДИРОВАННЫХ ДАННЫХ: КАРТОГРАФИЧЕСКИЕ МАТЕРИАЛЫ - ОБЩИЕ ХАРАКТЕРИСТИКИ | |
| Кодированные данные о картографическом материале (общие) | ayy xx|| |
| 123 1# - ПОЛЕ КОДИРОВАННЫХ ДАННЫХ: КАРТОГРАФИЧЕСКИЕ МАТЕРИАЛЫ - МАСШТАБ И КООРДИНАТЫ | |
| Тип масштаба | а |
| Постоянное отношение линейного горизонтального масштаба | 210000 |
| 200 1# - ЗАГЛАВИЕ И СВЕДЕНИЯ ОБ ОТВЕТСТВЕННОСТИ | |
| Основное заглавие | Карта местности к северу от параллели Адрианополь - Мидия по рекогносцировкам, произведенным чинами Военно-топографической съемки Восточной Болгарии |
| Общее обозначение материала | Карты |
| Первые сведения об ответственности | составленная и литографированная при Управлении съемки Западной Болгарии в 1878 году |
| Последующие сведения об ответственности | чертили классные топографы, титулярные советники Трилев и Маргевич 2-й |
| 206 ## - ОБЛАСТЬ СПЕЦИФИЧЕСКИХ СВЕДЕНИЙ: КАРТОГРАФИЧЕСКИЕ МАТЕРИАЛЫ - МАТЕМАТИЧЕСКИЕ ДАННЫЕ | |
| Сведения о математических данных | 1:210 000, 5 верст в дюйме (2,1 км в 1 см) |
| 210 ## - ПУБЛИКАЦИЯ, РАСПРОСТРАНЕНИЕ И ДР. | |
| Место издания, распространения и т.д. | [Санкт-Петербург |
| Имя издателя, распространителя и т. д. | Военно-топографический отдел Главного штаба] |
| Дата издания, распространения и т.д. | 1878 |
| 215 ## - ФИЗИЧЕСКАЯ ХАРАКТЕРИСТИКА | |
| Специфическое обозначение материала и объем | 1 к |
| Другие сведения о физической характеристике | 1 цв. |
| Размеры | 58х71 (59х74) см |
| 330 ## - РЕЗЮМЕ ИЛИ РЕФЕРАТ | |
| Текст примечания | Показана территория от Адрианополя (совр. Эдирне, Турция) и Мидии до Ямбола и Ахиола (совр. Поморие, Болгария) |
| 509 01 - ЗАГОЛОВОК -СТРУКТУРИРОВАННОЕ ГЕОГРАФИЧЕСКОЕ ИЛИ ТЕМАТИЧЕСКОЕ НАИМЕНОВАНИЕ | |
| Графика поля | Кириллица |
| Географическое / тематическое наименование – начальный элемент ввода | Болгария, юго-вост. часть |
| Системный номер авторитетной/нормативной записи | 2639586 |
| Идентификатор авторитетной / нормативной записи | RU\NLR\AUTH\5508614 |
| 606 1# - НАИМЕНОВАНИЕ ТЕМЫ КАК ПРЕДМЕТ | |
| Наименование темы | Русско-турецкая война |
| Хронологический подзаголовок | 1877 - 1878 |
| Системный номер авторитетной/нормативной записи | 1688540 |
| Идентификатор авторитетной/нормативной записи | RU\NLR\AUTH\661048958 |
| 607 ## - ГЕОГРАФИЧЕСКОЕ НАИМЕНОВАНИЕ КАК ПРЕДМЕТ | |
| Географическое наименование | Болгария |
| Формальный подзаголовок | Карты |
| Системный номер авторитетной/нормативной записи | 990929 |
| Идентификатор авторитетной/нормативной записи | RU\NLR\AUTH\6656366 |
| 608 ## - ФОРМА, ЖАНР, ФИЗИЧЕСКИЕ ХАРАКТЕРИСТИКИ ДОКУМЕНТА КАК ТОЧКА ДОСТУПА | |
| Начальный элемент ввода | Общегеографические карты крупномасштабные |
| Системный номер авторитетной/нормативной записи | 2326968 |
| Идентификатор авторитетной/нормативной записи | RU\NLR\AUTH\661391775 |
| 852 ## - МЕСТОНАХОЖДЕНИЕ И ШИФР ХРАНЕНИЯ | |
| Идентификатор организации | NLR |
| Наименование фонда или коллекции (Sub-Location Identifier) | К |
| Шифр хранения (Call Number) | 3-Балк 3/128 |
| Идентификатор единицы | 13646 |
| 942 ## - ДОПОЛНИТЕЛЬНЫЕ ЭЛЕМЕНТЫ ЗАПИСИ (АБИС) | |
| Тип экземпляра АБИС | Карта |
| 980 ## - КОЛЛЕКЦИЯ | |
| Название коллекции | Национальная библиография |
Нет доступных экземпляров.